Pilotos MotoGP 2021 - Estadísticas

Estadísticas generales
  • Esta prueba ha sido intentada 277 veces
  • La puntuación promedio es 19 de 34
Estadísticas de respuestas
Equipo Piloto % Correcto
LCR Honda Álex Márquez
97%
Ducati Lenovo Team Pecco Bagnaia
86%
Monster Energy Yamaha MotoGP Fabio Quartararo
85%
Team SUZUKI ECSTAR Joan Mir
85%
Repsol Honda Team Pol Espargaró
84%
Aprilia Racing Team Gresini Aleix Espargaró
82%
Team SUZUKI ECSTAR Álex Rins
81%
Pramac Racing Jorge Martín
81%
Repsol Honda Team Marc Márquez
81%
Petronas Yamaha SRT Valentino Rossi
81%
Monster Energy Yamaha MotoGP Maverick Viñales
77%
Aprilia Racing Team Gresini Maverick Viñales
77%
Ducati Lenovo Team Jack Miller
75%
Red Bull KTM Factory Racing Brad Binder
68%
Monster Energy Yamaha MotoGP Franco Morbidelli
68%
Petronas Yamaha SRT Franco Morbidelli
68%
Pramac Racing Johann Zarco
64%
Esponsorama Racing Enea Bastianini
54%
SKY VR46 Avintia Luca Marini
51%
Red Bull KTM Factory Racing Dani Pedrosa
50%
Red Bull KTM Factory Racing Miguel Oliveira
49%
LCR Honda Takaaki Nakagami
46%
Petronas Yamaha SRT Andrea Dovizioso
43%
Repsol Honda Team Stefan Bradl
41%
Ducati Lenovo Team Michele Pirro
32%
Pramac Racing Michele Pirro
32%
Tech3 KTM Factory Racing Danilo Petrucci
31%
Tech3 KTM Factory Racing Iker Lecuona
28%
Aprilia Racing Team Gresini Lorenzo Savadori
25%
Monster Energy Yamaha MotoGP Cal Crutchlow
20%
Petronas Yamaha SRT Cal Crutchlow
20%
Pramac Racing Tito Rabat
11%
Petronas Yamaha SRT Jake Dixon
9%
Petronas Yamaha SRT Garrett Gerloff
4%
No se encontraron pruebas coincidentes
Distribución de puntuación
Porcentaje de gente con cada puntuación
Porcentaje por número respondido
Historial de tus puntuaciones
No has intentado esta prueba.